En breve cárcel /

"El cuarto donde escribe es pequeño, oscuro. El exagerado cuidado de algunos detalles, la falta de otros, señala que ha sido previsto para otro uso de] que pensaba darle; de hecho para el que ocasionalmente le da. Cuarto y amores de paso. No hay bibliotecas -dijo-, no hay mesa para escribir y la luz...

Full description

Bibliographic Details
Main Author: Molloy, Sylvia 1938-
Format: Libro
Language:Spanish
Published: Buenos Aires Fondo de Cultura Económica 2011
Series:Tierra firme
Subjects:
Online Access:

MARC

LEADER 00000cam a2200000 a 4500
001 025679
003 UAHC_CL
005 20170803122543.0
008 120831s2011 ag 000 spa
020 |a 9789505579020 
040 |a UAHC_CL  |c UAHC_CL  |d UAHC_CL 
082 0 4 |a Ar863  |b M727  |2 20 
100 1 |a Molloy, Sylvia  |d 1938- 
245 1 0 |a En breve cárcel /  |c Sylvia Molloy. 
260 |b Fondo de Cultura Económica  |a Buenos Aires  |c 2011 
300 |a 160 p. 
490 0 |a Tierra firme 
520 |a "El cuarto donde escribe es pequeño, oscuro. El exagerado cuidado de algunos detalles, la falta de otros, señala que ha sido previsto para otro uso de] que pensaba darle; de hecho para el que ocasionalmente le da. Cuarto y amores de paso. No hay bibliotecas -dijo-, no hay mesa para escribir y la luz es mala. Suplió esas deficiencias y ahora libros y lámparas la rodean, apenas eficaces. Sabe con todo que la protegen, como defensas privadas, marcando un espacio que siempre llamó suyo sin hacerse plenamente cargo de él. Como máscaras la ayudan: adentro, para salir de ella misma;..." 
650 4 |a NOVELAS ARGENTINAS 
900 |a Ar863 MOL 
942 |c BK 
952 |0 0  |1 0  |4 0  |6 AR_863_000000000000000_MOL  |7 0  |8 General  |9 52104  |a BC  |b BC  |c General  |d 2017-08-03  |l 0  |o Ar863 MOL  |p 1401426  |r 2025-11-26 00:00:00  |t 1  |w 2017-08-03  |y BK 
952 |0 0  |1 0  |4 0  |6 AR_863_000000000000000_MOL  |7 0  |8 General  |9 52105  |a BC  |b BC  |c General  |d 2017-08-03  |l 0  |o Ar863 MOL  |p 1401427  |r 2026-01-20 00:00:00  |t 2  |w 2017-08-03  |y BK 
999 |c 25679  |d 25679